Biggest cities in the Los Angeles area - Statistics

General Stats
  • This quiz has been taken 42 times
  • The average score is 16 of 30
Answer Stats
Hint Answer % Correct
3,898,747 Los Angeles
97%
346,824 Anaheim
90%
466,742 Long Beach
90%
138,699 Pasadena
80%
307,670 Irvine
70%
310,227 Santa Ana
67%
93,028 Santa Monica
67%
107,337 Burbank
63%
198,711 Huntington Beach
63%
138,992 Orange
63%
228,673 Santa Clarita
63%
147,067 Torrance
60%
95,740 Compton
57%
196,543 Glendale
57%
173,516 Lancaster
57%
169,450 Palmdale
57%
107,762 Inglewood
53%
114,355 Downey
50%
143,617 Fullerton
50%
151,713 Pomona
47%
171,949 Garden Grove
43%
109,501 West Covina
43%
126,496 East Los Angeles
37%
124,178 El Monte
33%
102,773 Norwalk
30%
95,558 Carson
27%
111,918 Costa Mesa
27%
92,726 South Gate
27%
93,653 Mission Viejo
23%
90,911 Westminste
17%
No matching quizzes found
Score Distribution
Percent of People with Each Score
Percentile by Number Answered
Your Score History
You have not taken this quiz